| 000 -LEADER |
| fixed length control field |
01372 a2200265 4500 |
| 003 - CONTROL NUMBER IDENTIFIER |
| control field |
Nust |
| 005 - DATE AND TIME OF LATEST TRANSACTION |
| control field |
20221222123935.0 |
| 010 ## - LIBRARY OF CONGRESS CONTROL NUMBER |
| LC control number |
92032219 |
| 020 ## - INTERNATIONAL STANDARD BOOK NUMBER |
| International Standard Book Number |
0201525658 |
| 040 ## - CATALOGING SOURCE |
| Transcribing agency |
Nust |
| 082 00 - DEWEY DECIMAL CLASSIFICATION NUMBER |
| Classification number |
372.7,BIL |
| 100 1# - MAIN ENTRY--PERSONAL NAME |
| Personal name |
Billstein, Rick. |
| 9 (RLIN) |
105661 |
| 245 12 - TITLE STATEMENT |
| Title |
A problem solving approach to mathematics for elementary school teachers / |
| Statement of responsibility, etc. |
Rick Billstein, Shlomo Libeskind, Johnny W. Lott. |
| 250 ## - EDITION STATEMENT |
| Edition statement |
5th ed. |
| 260 ## - PUBLICATION, DISTRIBUTION, ETC. |
| Place of publication, distribution, etc. |
Reading, Mass. : |
| Name of publisher, distributor, etc. |
Addison-Wesley, |
| Date of publication, distribution, etc. |
c1993. |
| 300 ## - PHYSICAL DESCRIPTION |
| Extent |
xxii, 905 p. : |
| Other physical details |
ill. (some col.) ; |
| Dimensions |
27 cm. |
| 505 ## - FORMATTED CONTENTS NOTE |
| Formatted contents note |
Tools and Problems Solving (Page-1), Sets, Functions, and Logic (Page-49), Numeration System (Page-103), The Integers (Page-173), Number Theory (Page-219), Rational Number (Page-265), Decimals (Page-327), Probability (Page-383), Statistics (Page-437), ntroductory Geomatery (Page-497), Costructios (Page-569), Motio Geometry (Page-625), Cocepts of Measurement (Page-685), Coordiate Geo (Page-763), Appedix:1 (Page-815), Appedix.2 (Page-833), Answers to Selected Pro (Page-857), Index (Page-897). |
| 650 #0 - SUBJECT ADDED ENTRY--TOPICAL TERM |
| Topical term or geographic name entry element |
Mathematics |
| General subdivision |
Study and teaching (Elementary) |
| 9 (RLIN) |
102188 |
| 650 #0 - SUBJECT ADDED ENTRY--TOPICAL TERM |
| Topical term or geographic name entry element |
Problem solving. |
| 700 1# - ADDED ENTRY--PERSONAL NAME |
| Personal name |
Billstein, Rick. |
| 9 (RLIN) |
105661 |
| 700 1# - ADDED ENTRY--PERSONAL NAME |
| Personal name |
Libeskind, Shlomo. |
| 9 (RLIN) |
105662 |
| 700 1# - ADDED ENTRY--PERSONAL NAME |
| Personal name |
Lott, Johnny W., |
| Dates associated with a name |
1944- |
| 9 (RLIN) |
105663 |
| 740 0# - ADDED ENTRY--UNCONTROLLED RELATED/ANALYTICAL TITLE |
| Uncontrolled related/analytical title |
Mathematics for elementary school teachers. |
| 942 ## - ADDED ENTRY ELEMENTS (KOHA) |
| Koha item type |
Reference |
| Source of classification or shelving scheme |
|
| Call number prefix |
372.7,BIL |